| 000 | 01551nam a2200349 a 4500 | ||
|---|---|---|---|
| 001 | 00194 | ||
| 003 | DO-SdBNP | ||
| 005 | 20180312085551.0 | ||
| 007 | 00194 | ||
| 008 | 091123s2000 dr 2000 000 0 spa d | ||
| 020 | _a8482612328 | ||
| 040 |
_aBNPHU _bspa _cBNPHU |
||
| 092 |
_a372.83 _bC355s 4to. 2000 |
||
| 100 | 1 | _aCastro Catrain, Margarita | |
| 245 | 1 | 0 |
_aSociedad 4 : [educación básica] / _cMargarita Castro Catrain, María R. de la Cruz ; dirección editorial Obdulia García de Escobar |
| 260 |
_aSanto Domingo : _bSantillana, _c2000. |
||
| 300 |
_a128 p. : _bil., mapa, retrs. ; _c28 cm. |
||
| 490 | 1 | _aUmbral | |
| 505 | 0 |
_tUnidad 1. _tNuestro planeta -- _tUnidad 2. _tLos medios naturales y la acción humana -- _tUnidad 3. _tLa república Dominicana -- _tUnidad 4. _tLos indígenas de Santo Domingo -- _tUnidad 5. _tEl descubrimiento de América -- _tUnidad 6. _tLa colonia de Santo Domingo -- _tUnidad 7. _tLa división de la isla en dos colonias -- _tUnidad 8. _tLa República Dominicana independiente. |
|
| 650 | 4 |
_aCIENCIAS SOCIALES _xENSEÑANZA BÁSICA |
|
| 650 | 4 |
_aCIENCIAS SOCIALES _xEDUCACIÓN PRIMARIA |
|
| 650 | 4 |
_aCIENCIAS SOCIALES _xLIBROS DE TEXTOS |
|
| 650 | 4 |
_aCIENCIAS SOCIALES _xESTUDIOS Y EJERCICIOS |
|
| 650 | 4 |
_2EDUCACIÓN PRIMARIA _zREPÚBLICA DOMINICANA |
|
| 700 | 1 | _aCruz, María R. de la | |
| 700 | 1 |
_aGarcía Escobar, Obdulia, _eed. |
|
| 830 | 0 | _aUmbral | |
| 942 |
_2ddc _cBK |
||
| 945 | _aInventariado / 2018 VM | ||
| 956 |
_aVMATEO _b10 _c20150708 _lBPMSU _h00151 |
||
| 956 |
_aBTAVÁREZ _b10 _c20160414 _l00193 |
||
| 999 |
_c9787 _d9787 |
||